000 00510nam a22001937a 4500
005 20260420110915.0
008 260420b |||||||| |||| 00| 0 eng d
020 _a9789358491470
_c380.00
040 _aMAIN
041 _aeng
082 _a301
_bBHU
100 _aBhuyan, Dilip Kumar.
_dBordoloi,Moushumi
245 _aIntroduction to Sociology -II
_cBy Dilip Kumar Bhuyan.
250 _a1st ed.
260 _aDibrugarh:
_bBanalata;
_c2023.
300 _a292p.
650 _aSociology
942 _2ddc
_cBK
999 _c16393
_d16393